| 000 | 00736cam a2200205 4500 | ||
|---|---|---|---|
| 001 | 3852 | ||
| 005 | 20181127172118.0 | ||
| 008 | 120706s2012 ii af b 001 0 eng d | ||
| 010 | _a 2012339251 | ||
| 020 | _a9350292262 | ||
| 020 | _a9789350292266 | ||
| 043 |
_aa-br--- _aa-ii--- |
||
| 100 | 1 | _aShah, Sudha. | |
| 245 | 1 | 4 |
_aThe king in exile : _bthe fall of the royal family of Burma / _cSudha Shah. |
| 260 |
_aNew Delhi : _bHarperCollins Publishers India, _c2012. |
||
| 300 |
_axxiii, 456 p., [32] p. of plates : _bill. ; _c24 cm. |
||
| 504 | _aIncludes bibliographical references (p. 426-440) and index. | ||
| 600 | 0 | 0 |
_aThibaw, _cKing of Burma, _dactive 1875-1885 _xExile _zIndia. |
| 651 | 0 |
_aBurma _xHistory _yKonbaung dynasty, 1752-1885. |
|
| 999 |
_c3150 _d3150 |
||